[Event "HUN-chT2 Maroczy 0405"]
[Site "Hungary"]
[Date "2005.02.06"]
[Round "7"]
[White "Nikoletti, Andras"]
[Black "Horvath, Zoltan2222"]
[Result "1-0"]
[WhiteElo "2264"]
[BlackElo "2142"]
[PlyCount "51"]
[EventDate "2004.09.26"]
[EventType "team"]
[EventRounds "11"]
[EventCountry "HUN"]
[SourceTitle "EXT 2008"]
[Source "ChessBase"]
[SourceDate "2007.11.25"]
[SourceVersion "1"]
[SourceVersionDate "2007.11.25"]
[SourceQuality "1"]
[WhiteTeam "Lang"]
[BlackTeam "Matra"]
[WhiteTeamCountry "HUN"]
[BlackTeamCountry "HUN"]

1. e4 b6 2. d4 Bb7 3. Bd3 e6 4. Qe2 d5 5. Nf3 Nf6 6. e5 Nfd7 7. Ng5 Be7 8. h4 h6 9. Nxe6 fxe6 10. Bg6+ Kf8 11. Qf3+ Nf6 12. 0-0 c5 13. c3 Nc6 14. Re1 Qd7 15. exf6 Bxf6 16. Qg4 Ke7 17. dxc5 bxc5 18. Bf4 e5 19. Bf5 Qc7 20. Bxe5 Nxe5 21. f4 Bc8 22. fxe5 Bxf5 23. exf6+ Kxf6 24. Qf3 Kg6 25. g4 Be4 26. Rxe4 1-0

[Event "HUN-chT2 Maroczy 0405"]
[Site "Hungary"]
[Date "2004.11.21"]
[Round "3"]
[White "Nikoletti, Andras"]
[Black "Horkai, Andras"]
[Result "1/2-1/2"]
[WhiteElo "2264"]
[BlackElo "2169"]
[PlyCount "27"]
[EventDate "2004.09.26"]
[EventType "team"]
[EventRounds "11"]
[EventCountry "HUN"]
[SourceTitle "EXT 2008"]
[Source "ChessBase"]
[SourceDate "2007.11.25"]
[SourceVersion "1"]
[SourceVersionDate "2007.11.25"]
[SourceQuality "1"]
[WhiteTeam "Lang"]
[BlackTeam "Vizugy"]
[WhiteTeamCountry "HUN"]
[BlackTeamCountry "HUN"]

1. e4 c5 2. d4 cxd4 3. c3 d3 4. c4 Nc6 5. Bxd3 g6 6. Nf3 Bg7 7. Nc3 Nf6 8. 0-0 0-0 9. Qe2 d6 10. h3 b6 11. Be3 Bb7 12. Rac1 Nd7 13. Bb1 Rc8 14. Nd2 1/2-1/2

[Event "HUN-chT2 Erkel 0304"]
[Site "Hungary"]
[Date "2004.02.08"]
[Round "7"]
[White "Nikoletti, Andras"]
[Black "Bednay, Bence"]
[Result "1-0"]
[WhiteElo "2183"]
[BlackElo "2031"]
[PlyCount "55"]
[EventDate "2003.09.28"]
[EventType "team"]
[EventRounds "11"]
[EventCountry "HUN"]
[SourceTitle "EXT 2009"]
[Source "ChessBase"]
[SourceDate "2008.11.26"]
[SourceVersion "1"]
[SourceVersionDate "2008.11.26"]
[SourceQuality "1"]
[WhiteTeam "Lang"]
[BlackTeam "Barcza"]
[WhiteTeamCountry "HUN"]
[BlackTeamCountry "HUN"]

1. e4 c6 2. c4 d5 3. cxd5 cxd5 4. exd5 Nf6 5. Bb5+ Bd7 6. Bc4 b5 7. Bb3 Na6 8. d4 Nb4 9. Ne2 Bf5 10. 0-0 Nbxd5 11. Nbc3 a6 12. Ng3 Bg6 13. f4 Nxc3 14. bxc3 e6 15. f5 exf5 16. Nxf5 Bxf5 17. Rxf5 Bd6 18. Bg5 Be7 19. a4 Qd7 20. Qf3 0-0 21. axb5 Rab8 22. bxa6 Rxb3 23. a7 Rxc3 24. Qxc3 Ne4 25. Qe3 Qxf5 26. a8Q Rxa8 27. Rxa8+ Bf8 28. Be7 1-0

[Event "HUN-chT2 Erkel 0304"]
[Site "Hungary"]
[Date "2004.01.25"]
[Round "6"]
[White "Nikoletti, Andras"]
[Black "Sillye, Kalman"]
[Result "1-0"]
[WhiteElo "2183"]
[BlackElo "2128"]
[PlyCount "161"]
[EventDate "2003.09.28"]
[EventType "team"]
[EventRounds "11"]
[EventCountry "HUN"]
[SourceTitle "EXT 2009"]
[Source "ChessBase"]
[SourceDate "2008.11.26"]
[SourceVersion "1"]
[SourceVersionDate "2008.11.26"]
[SourceQuality "1"]
[WhiteTeam "Lang"]
[BlackTeam "Godollo"]
[WhiteTeamCountry "HUN"]
[BlackTeamCountry "HUN"]

1. e4 c5 2. d4 cxd4 3. c3 d5 4. exd5 Qxd5 5. cxd4 Nc6 6. Nf3 Bg4 7. Nc3 Bxf3 8. gxf3 Qxd4 9. Qxd4 Nxd4 10. Nb5 Nc2+ 11. Kd1 Nxa1 12. Nc7+ Kd7 13. Nxa8 g6 14. Be3 Bh6 15. Bxa7 Nf6 16. Bb5+ Kd6 17. Nb6 Bf4 18. Ba4 Nd5 19. Nc4+ Kc7 20. Na3 Ra8 21. Ke2 Kc8 22. Nb5 Nc7 23. Nxc7 Kxc7 24. Be3 Rxa4 25. Bxf4+ Rxf4 26. Rxa1 Rc4 27. Kd3 Rc6 28. Re1 Kd6 29. Re4 e6 30. Rf4 Rc7 31. Rc4 Re7 32. f4 f6 33. Rb4 Kc6 34. Rc4+ Kd6 35. Rb4 Kc7 36. Ke4 Kc6 37. Rc4+ Kd6 38. Rd4+ Kc5 39. b3 b5 40. a4 bxa4 41. bxa4 Rb7 42. Ke3 f5 43. Rd3 Re7 44. Ra3 Ra7 45. a5 Ra6 46. Ra4 Kd5 47. Kd3 Kc5 48. Ra2 Kd5 49. Re2 Kc5 50. Re5+ Kb4 51. Ke2 Kc4 52. Kf3 Kd3 53. Kg3 g5 54. h4 h6 55. hxg5 hxg5 56. Rb5 g4 57. f3 gxf3 58. Kxf3 Kc4 59. Re5 Kb4 60. Ke3 Rd6 61. Ke2 Rc6 62. Kd2 Kc4 63. Ke3 Ra6 64. Kf3 Kb4 65. Kg3 Rxa5 66. Rxe6 Kc4 67. Kh4 Ra8 68. Kg5 Kd5 69. Kxf5 Rf8+ 70. Rf6 Rg8 71. Rf7 Kd6 72. Kf6 Rg4 73. f5 Rg1 74. Re7 Rg2 75. Re1 Kd7 76. Kf7 Kd6 77. f6 Rg3 78. Kf8 Kd7 79. Re7+ Kd8 80. Rg7 Rf3 81. f7 1-0

[Event "HUN-chT2 Erkel 0304"]
[Site "Hungary"]
[Date "2003.12.07"]
[Round "5"]
[White "Erdelyi, Rudolf"]
[Black "Nikoletti, Andras"]
[Result "1/2-1/2"]
[WhiteElo "1996"]
[BlackElo "2183"]
[PlyCount "65"]
[EventDate "2003.09.28"]
[EventType "team"]
[EventRounds "11"]
[EventCountry "HUN"]
[SourceTitle "EXT 2009"]
[Source "ChessBase"]
[SourceDate "2008.11.26"]
[SourceVersion "1"]
[SourceVersionDate "2008.11.26"]
[SourceQuality "1"]
[WhiteTeam "Dunaharaszti II"]
[BlackTeam "Lang"]
[WhiteTeamCountry "HUN"]
[BlackTeamCountry "HUN"]

1. e4 e5 2. Nf3 Nc6 3. Be2 Nf6 4. d3 d5 5. Nbd2 h6 6. c3 a5 7. b3 Bc5 8. Bb2 Qe7 9. a3 0-0 10. 0-0 Be6 11. Qc2 Rad8 12. b4 axb4 13. axb4 Bd6 14. Rfe1 dxe4 15. dxe4 Ra8 16. b5 Na5 17. c4 Nd7 18. Bc3 b6 19. Rec1 Nb7 20. Nf1 f5 21. Rxa8 Rxa8 22. exf5 Bf7 23. N3d2 Nbc5 24. Ne4 Nxe4 25. Qxe4 Rf8 26. Ng3 Nc5 27. Qc2 Be8 28. Ne4 Nxe4 29. Qxe4 Qg5 30. Rd1 Qxf5 31. Qxf5 Rxf5 32. Bd3 Rf8 33. f3 1/2-1/2

[Event "HUN-chT2 Erkel 0304"]
[Site "Hungary"]
[Date "2003.10.05"]
[Round "2"]
[White "Nikoletti, Andras"]
[Black "Bakos, Levente"]
[Result "1-0"]
[WhiteElo "2183"]
[BlackElo "1946"]
[PlyCount "59"]
[EventDate "2003.09.28"]
[EventType "team"]
[EventRounds "11"]
[EventCountry "HUN"]
[SourceTitle "EXT 2009"]
[Source "ChessBase"]
[SourceDate "2008.11.26"]
[SourceVersion "1"]
[SourceVersionDate "2008.11.26"]
[SourceQuality "1"]
[WhiteTeam "Lang"]
[BlackTeam "Heves"]
[WhiteTeamCountry "HUN"]
[BlackTeamCountry "HUN"]

1. e4 e5 2. Nf3 Nc6 3. Bc4 Nf6 4. Ng5 Bc5 5. Bxf7+ Ke7 6. Bd5 Rf8 7. Nf3 d6 8. c3 Bg4 9. Bxc6 bxc6 10. d4 Bb6 11. Qd3 d5 12. Nxe5 Qd6 13. Bg5 Be6 14. Nd2 c5 15. 0-0 cxd4 16. cxd4 dxe4 17. Nxe4 Qd5 18. Nc3 Qd6 19. Bf4 Ke8 20. Ng6 Qxd4 21. Qxd4 Bxd4 22. Nxf8 Kxf8 23. Nb5 Bb6 24. Nxc7 Bxc7 25. Bxc7 Rc8 26. Rac1 Nd5 27. Bd6+ Kf7 28. Rxc8 Bxc8 29. Rc1 Be6 30. a4 1-0

[Event "HUN-chT2 Breyer 0203"]
[Site "Hungary"]
[Date "2003.04.13"]
[Round "11"]
[White "Nikoletti, Andras"]
[Black "Bereczki, Istvan"]
[Result "1-0"]
[WhiteElo "2175"]
[BlackElo "2053"]
[PlyCount "27"]
[EventDate "2002.09.22"]
[EventType "team"]
[EventRounds "11"]
[EventCountry "HUN"]
[SourceTitle "EXT 2009"]
[Source "ChessBase"]
[SourceDate "2008.11.26"]
[SourceVersion "1"]
[SourceVersionDate "2008.11.26"]
[SourceQuality "1"]

1. e4 c5 2. d4 cxd4 3. c3 dxc3 4. Nxc3 Nc6 5. Nf3 d6 6. Bc4 Nf6 7. e5 Ng4 8. e6 f6 9. Bf4 g5 10. Nxg5 h5 11. Nf7 Qb6 12. 0-0 Rh7 13. Nd5 Qa5 14. Bd2 1-0

[Event "HUN-chT2 Breyer 0203"]
[Site "Hungary"]
[Date "2003.03.02"]
[Round "8"]
[White "Szegi, Tamas"]
[Black "Nikoletti, Andras"]
[Result "0-1"]
[WhiteElo "2132"]
[BlackElo "2175"]
[PlyCount "92"]
[EventDate "2002.09.22"]
[EventType "team"]
[EventRounds "11"]
[EventCountry "HUN"]
[SourceTitle "EXT 2009"]
[Source "ChessBase"]
[SourceDate "2008.11.26"]
[SourceVersion "1"]
[SourceVersionDate "2008.11.26"]
[SourceQuality "1"]

1. Nf3 f5 2. d4 Nf6 3. c3 e6 4. Bf4 b6 5. e3 Bb7 6. Be2 Be7 7. h3 0-0 8. Nbd2 Kh8 9. Bh2 Ne4 10. 0-0 a5 11. a4 Bf6 12. Ne1 Ng5 13. f3 d6 14. Nd3 Re8 15. Nc4 Qe7 16. Qc2 Nd7 17. Nf2 g6 18. e4 d5 19. e5 Bg7 20. Na3 Rec8 21. Qd2 Nf7 22. Rfc1 c5 23. Nb5 Bc6 24. Kh1 Nf8 25. f4 Bh6 26. g4 c4 27. b3 Bxb5 28. axb5 cxb3 29. Ra4 g5 30. gxf5 exf5 31. Bf3 gxf4 32. Bxd5 f3 33. Bf4 Bxf4 34. Qxf4 b2 35. Rb1 Ng6 36. Qxf5 Rxc3 37. Rxb2 Rf8 38. Qf6+ Qxf6 39. exf6 Nf4 40. Bc6 Nd6 41. Ra1 Rxf6 42. Re1 Nd3 43. Nxd3 Rxd3 44. Rf1 Rxd4 45. Rxf3 Rxf3 46. Bxf3 Rb4 0-1

[Event "HUN-chT2 Breyer 0203"]
[Site "Hungary"]
[Date "2003.01.19"]
[Round "5"]
[White "Feher, Laszlo"]
[Black "Nikoletti, Andras"]
[Result "1/2-1/2"]
[WhiteElo "2062"]
[BlackElo "2175"]
[PlyCount "48"]
[EventDate "2002.09.22"]
[EventType "team"]
[EventRounds "11"]
[EventCountry "HUN"]
[SourceTitle "EXT 2009"]
[Source "ChessBase"]
[SourceDate "2008.11.26"]
[SourceVersion "1"]
[SourceVersionDate "2008.11.26"]
[SourceQuality "1"]

1. e4 e5 2. Nf3 Nc6 3. d4 exd4 4. Nxd4 Qh4 5. Nc3 Bb4 6. Qd3 Nf6 7. Nxc6 Bxc3+ 8. bxc3 dxc6 9. e5 Qe4+ 10. Qe2 Qxe2+ 11. Bxe2 Nd5 12. Bd2 Be6 13. 0-0 Nb6 14. Be3 Nc4 15. Bxc4 Bxc4 16. Rfd1 Ke7 17. Rd4 b5 18. Rad1 Bxa2 19. Rd7+ Ke6 20. Rxc7 Bd5 21. Bxa7 Kxe5 22. f3 Kd6 23. Rxf7 Rhg8 24. Kf2 Ke6 1/2-1/2

[Event "HUN-chT2 Breyer 0203"]
[Site "Hungary"]
[Date "2002.09.22"]
[Round "1"]
[White "Szecsi, Pal"]
[Black "Nikoletti, Andras"]
[Result "1/2-1/2"]
[WhiteElo "2113"]
[BlackElo "2175"]
[PlyCount "60"]
[EventDate "2002.09.22"]
[EventType "team"]
[EventRounds "11"]
[EventCountry "HUN"]
[SourceTitle "EXT 2009"]
[Source "ChessBase"]
[SourceDate "2008.11.26"]
[SourceVersion "1"]
[SourceVersionDate "2008.11.26"]
[SourceQuality "1"]

1. e4 e5 2. Nf3 Nc6 3. Bc4 Nf6 4. Nc3 Nxe4 5. Bxf7+ Kxf7 6. Nxe4 d5 7. Ng3 e4 8. Ng1 h5 9. d3 h4 10. N3e2 Qf6 11. dxe4 dxe4 12. c3 Be6 13. Be3 Bd6 14. Nd4 Ne5 15. Nxe6 Nd3+ 16. Kd2 Qxe6 17. Kc2 Rad8 18. Nh3 Be7 19. Qe2 Qa6 20. Qg4 Nb4+ 21. cxb4 Qd3+ 22. Kc1 Rd6 23. Rd1 Qc4+ 24. Kb1 Rhd8 25. Rxd6 Rxd6 26. a3 Qd3+ 27. Ka2 Qc4+ 28. Kb1 Bf6 29. Ng5+ Bxg5 30. Qxg5 Qd3+ 1/2-1/2

[Event "HUN-chT2 0102"]
[Site "Hungary"]
[Date "2001.11.18"]
[Round "3"]
[White "Nikoletti, Andras"]
[Black "Budai, David"]
[Result "0-1"]
[WhiteElo "2131"]
[BlackElo "2163"]
[PlyCount "78"]
[EventDate "2001.??.??"]
[EventType "team"]
[EventRounds "11"]
[EventCountry "HUN"]
[SourceTitle "EXT 2004"]
[Source "ChessBase"]
[SourceDate "2003.11.25"]
[SourceVersion "1"]
[SourceVersionDate "2003.11.25"]
[SourceQuality "1"]

1. e4 c5 2. d4 cxd4 3. c3 dxc3 4. Nxc3 e6 5. Bc4 Nc6 6. Nf3 d6 7. 0-0 Nf6 8. Qe2 Be7 9. Rd1 e5 10. h3 h6 11. Be3 0-0 12. Rac1 Bd7 13. a3 a6 14. b4 b5 15. Bd5 Rc8 16. Kh2 Qe8 17. g4 Nh7 18. g5 hxg5 19. Rg1 g4 20. hxg4 Be6 21. Kg3 Qd7 22. g5 g6 23. Rh1 Kg7 24. Rh2 Rh8 25. Qd2 Bg4 26. Ng1 Bh5 27. f3 Nd8 28. Kf2 Ne6 29. Nh3 f6 30. gxf6+ Nxf6 31. Bxe6 Qxe6 32. Ng5 Qb3 33. Ne2 Nh7 34. Nxh7 Kxh7 35. Ng3 Kg7 36. Nxh5+ gxh5 37. Kg1 Kf7 38. Rxc8 Rxc8 39. Rxh5 Qb1+ 0-1

[Event "HUN-chT2 0102"]
[Site "Hungary"]
[Date "2001.09.30"]
[Round "1"]
[White "Nikoletti, Andras"]
[Black "Kele, Janos"]
[Result "1/2-1/2"]
[WhiteElo "2131"]
[BlackElo "2164"]
[PlyCount "21"]
[EventDate "2001.??.??"]
[EventType "team"]
[EventRounds "11"]
[EventCountry "HUN"]
[SourceTitle "EXT 2004"]
[Source "ChessBase"]
[SourceDate "2003.11.25"]
[SourceVersion "1"]
[SourceVersionDate "2003.11.25"]
[SourceQuality "1"]

1. e4 c5 2. d4 cxd4 3. c3 dxc3 4. Nxc3 Nc6 5. Nf3 e6 6. Bc4 Bb4 7. 0-0 Nge7 8. Qe2 0-0 9. Rd1 a6 10. Bf4 Bxc3 11. bxc3 1/2-1/2